Statistics for Solve the Secret Painter

Click here to take the quiz!

General Stats

  • This quiz has been taken 195 times
  • The average score is 13 of 21

Answer Stats

Scramble Painter % Correct
ADILDali
96%
EMNOTMonet
96%
CHMNUMunch
95%
EINORRRenoir
90%
AHKLOKahlo
86%
ADEGSDegas
85%
EEEMRRVVermeer
78%
ABDEMNRRTRembrandt
77%
BCEIILLOTTBotticelli
72%
AAACGGIORVCaravaggio
56%
ACEEGHILLMNOMichelangelo
54%
ACIOPSSPicasso
53%
AHLORWWarhol
50%
ADIKKNNSYKandinsky
46%
AIINTTTitian
43%
AGGINUUGauguin
38%
CKLLOOPPollock
36%
HKOORTRothko
33%
ACEENNZC├ęzanne
30%
EEEFOKO'Keefe
27%
Secret PainterCONSTABLE
14%

Score Distribution

Percentile by Number Answered

Percent of People with Each Score

Your Score History

You have not taken this quiz